000 00264nam a22001217a 4500
041 _aENG
100 _aJamwal.K .S
245 _aMaintenance Of Electronic Equipments
260 _aDelhi
_bDanapat Rai &Co
_c2000
300 _a50
650 _aEOES
856 _uEOES
999 _c516
_d516